000 01045nam0a22002531 4500
001 rc\766740
005 20250622124204.0
035 _a(NLR Aleph) 006293803
090 _a7178258
_c7178258
100 _a20040301d1985 |||y0rusy50 ca
101 0 _arus
102 _aRU
105 _ay |||||||||
200 1 _aФизическая культура - производству
_eТез. докл. респ. науч.-практ. конф. (25-26 окт. 1985 г.)
_f[Ред. О.П. Моргушенко]
210 _aРовно
_cКом. по физ. культуре и спорту при Совете Министров УССР
_d1985
215 _a127 с.
_d21
300 _aВ надзаг.: Ком. по физ. культуре и спорту при Совете Министров УССР
702 1 _aМоргушенко
_bО.П.
_4340
712 0 1 _aУССР
_bКом. по физ. культуре и спорту
801 0 _aRU
_bNLR
_gpsbo
801 1 _aRU
_bELAR
_2rusmarc
852 _aNLR
_j86-3/13446
942 _cBOOK
980 _aNB